LEADER 01662nam 22005773 450 001 9910136690403321 005 20231110213022.0 010 $a0-698-18829-2 035 $a(CKB)3710000000907290 035 $a(MiAaPQ)EBC6053883 035 $a(Au-PeEL)EBL6053883 035 $a(OCoLC)960718982 035 $a(EXLCZ)993710000000907290 100 $a20210901d2016 uy 0 101 0 $aeng 135 $aurcnu|||||||| 181 $ctxt$2rdacontent 182 $cc$2rdamedia 183 $acr$2rdacarrier 200 10$aDouble Eclipse 210 1$a :$cPenguin Young Readers Group,$d2016. 210 4$dİ2016. 215 $a1 online resource (257 pages) 225 1 $aSummer on East End ;$vv.2 311 08$a0-399-17356-0 330 $a"Trouble continues to bubble and boil for twin witches (and Norse goddesses) Mardi and Molly Overbrook during their second summer in North Hampton"--$cProvided by publisher. 410 0$aSummer on East End 606 $aSisters$vFiction 606 $aTwins$vFiction 606 $aWitches$vFiction 606 $aMagic$vFiction 606 $aGoddesses, Norse$vFiction 606 $aNorse mythology$vFiction 606 $aDiaries$vFiction 607 $aHamptons (N.Y.)$vFiction 615 1$aSisters 615 1$aTwins 615 1$aWitches 615 1$aMagic 615 1$aGoddesses, Norse 615 1$aNorse mythology 615 1$aDiaries 676 $a813.6 700 $ade la Cruz$b Melissa$01097439 801 0$bMiAaPQ 801 1$bMiAaPQ 801 2$bMiAaPQ 906 $aBOOK 912 $a9910136690403321 996 $aDouble Eclipse$92893087 997 $aUNINA